Cornerstone of the nation : house of the people / House of Representatives. (Record no. 21370)

000 -LEADER
fixed length control field 00705nam a22001817a 4500
020 ## - INTERNATIONAL STANDARD BOOK NUMBER
ISBN 9786218014183
082 ## - DEWEY DECIMAL CLASSIFICATION NUMBER
Classification number 328.599
Item number H8423 2019
100 ## - MAIN ENTRY--AUTHOR NAME
Personal name House of Representatives, author.
245 ## - TITLE STATEMENT
Title Cornerstone of the nation : house of the people / House of Representatives.
260 ## - PUBLICATION, DISTRIBUTION, ETC. (IMPRINT)
Place of publication Quezon City :
Name of publisher House of Representatives,
Year of publication 2019.
300 ## - PHYSICAL DESCRIPTION
Number of Pages 495 pages :
Other physical details color illustrations ; 26 cm
500 ## - GENERAL NOTE
General note Includes bibliographical references.
650 ## - SUBJECT ADDED ENTRY--TOPICAL TERM
Topical Term Philippines. Congress. House of Representatives.
650 ## - SUBJECT ADDED ENTRY--TOPICAL TERM
Topical Term Legislative bodies -- Philippines.
650 ## - SUBJECT ADDED ENTRY--TOPICAL TERM
Topical Term Philippines -- Politics and government.
650 ## - SUBJECT ADDED ENTRY--TOPICAL TERM
Topical Term Representative government and representation -- Philippines.
942 ## - ADDED ENTRY ELEMENTS (KOHA)
Koha item type Books
Holdings
Source of acquisition Permanent Location Date acquired Koha item type Collection code Accession Number Lost status Shelving location Withdrawn status Current Location Full call number
SchoolCagayan State University - Carig Library2025-09-11BooksFilipinianaD000088 Filipiniana Section Cagayan State University - Carig Library328.599 H8423 2019

Cagayan State University University Library, Carig Campus
Tuguegarao City, Cagayan 3500 | www.csucarig.edu.ph

Powered by Koha